[Event "6th Corsica Masters"]
[Site "Bastia FRA"]
[Date "2002.11.01"]
[Round "1.2"]
[White "Zezulkin,J"]
[Black "Karpov,An"]
[Result "1/2-1/2"]
[WhiteElo "2524"]
[BlackElo "2688"]
[EventDate "2002.11.01"]

1. e4 e5 2. d4 exd4 3. Nf3 Bb4+ 4. c3 dxc3 5. Nxc3 Bxc3+ 6. bxc3 Ne7 7. e5
d5 8. exd6 Qxd6 9. Qxd6 cxd6 10. Ba3 d5 11. O-O-O Nbc6 12. Bb5 Be6 13. Rhe1
a6 14. Bxc6+ Nxc6 15. Rxd5 Rd8 16. c4 h6 17. Nh4 Rd7 18. Ng6 Rg8 19. Nf4
Nd8 20. Rc5 Nc6 21. Nxe6 fxe6 22. Rxe6+ Kf7 23. Re2 1/2-1/2

[Event "6th Corsica Masters"]
[Site "Bastia FRA"]
[Date "2002.11.01"]
[Round "1.6"]
[White "Tkachiev,V"]
[Black "Glek,I"]
[Result "1-0"]
[WhiteElo "2632"]
[BlackElo "2576"]
[EventDate "2002.11.01"]

1. d4 Nf6 2. c4 g6 3. Nf3 Bg7 4. g3 c6 5. Nc3 d5 6. Qb3 a5 7. cxd5 cxd5 8.
Bg2 Nc6 9. O-O O-O 10. Bf4 Ne4 11. Rfd1 Nxc3 12. bxc3 a4 13. Qa3 Re8 14.
Rab1 Bf8 15. Ne5 e6 16. Qc1 Na5 17. Ng4 h5 18. Ne5 Bg7 19. c4 Ra6 20. c5
Nc6 21. Qe3 Nxe5 22. Bxe5 Bf8 23. Qf4 g5 24. Qf3 g4 25. Qf4 f5 26. Rb2 Kh7
27. Qe3 Bh6 28. Qd3 Kg6 29. Rdb1 Qd7 30. e3 Bf8 31. Bf1 Ra8 32. Qd2 Qf7 33.
Rb6 a3 34. h4 gxh3 35. Kh2 Bh6 36. Bxh3 Bg5 37. Qe2 Bd8 38. R6b3 Rh8 39.
Bxh8 Qh7 40. Be5 Ra4 41. c6 bxc6 42. Rb8 Ba6 43. Qd2 Ba5 44. Qc1 Rc4 45.
Qxa3 Rc2 46. Qf8 1-0

[Event "6th Corsica Masters"]
[Site "Bastia FRA"]
[Date "2002.11.02"]
[Round "2.1"]
[White "Shirov,A"]
[Black "Kazhgaleyev,M"]
[Result "1/2-1/2"]
[WhiteElo "2699"]
[BlackElo "2604"]
[EventDate "2002.11.01"]

1. e4 e5 2. Nf3 Nc6 3. Bb5 a6 4. Ba4 Nf6 5. O-O Be7 6. Re1 b5 7. Bb3 d6 8.
c3 O-O 9. h3 Na5 10. Bc2 c5 11. d4 Nd7 12. dxc5 dxc5 13. Nbd2 Bb7 14. Qe2
Re8 15. Nf1 Nc4 16. Rd1 Qc7 17. b3 Nd6 18. c4 Nf8 19. Bb2 Bf6 20. Ne3 Ne6
21. Ng4 Nd4 22. Nxd4 cxd4 23. cxb5 axb5 24. Nxf6+ gxf6 25. Bd3 Kh8 26. a4
bxa4 27. bxa4 Rg8 28. g4 Ra5 29. f4 Qd7 30. Kh2 Rxa4 31. fxe5 fxe5 32. Bb5
Nxb5 33. Rxa4 Nc3 34. Bxc3 Qxa4 35. Qf2 Qc6 36. Rxd4 exd4 37. Qxd4+ f6 38.
Qxf6+ Qxf6 39. Bxf6+ Rg7 40. e5 Kg8 41. Bxg7 Kxg7 42. Kg3 Bc8 43. Kf4 Kg6
44. h4 Be6 45. Kg3 Bb3 46. Kf4 Bc2 47. Kg3 Kf7 48. Kf4 Ke6 49. Kg5 Kxe5 50.
h5 Ke6 51. Kh6 Kf6 52. g5+ 1/2-1/2

[Event "6th Corsica Masters"]
[Site "Bastia FRA"]
[Date "2002.11.02"]
[Round "2.2"]
[White "Jussupow,A"]
[Black "Anand,V"]
[Result "0-1"]
[WhiteElo "2622"]
[BlackElo "2755"]
[EventDate "2002.11.01"]

1. d4 d5 2. Nf3 Nf6 3. e3 c6 4. c4 Bf5 5. Nc3 a6 6. Qb3 Ra7 7. Bd2 e6 8. a4
a5 9. Be2 h6 10. O-O Bd6 11. Ne5 O-O 12. Rac1 Nbd7 13. f4 Ne4 14. Nxe4 Bxe4
15. Bf3 Nf6 16. Be1 Bh7 17. Bh4 Be7 18. Bxf6 Bxf6 19. Rf2 Bxe5 20. fxe5 Bg6
21. cxd5 cxd5 22. Rc3 b6 23. Rc6 Rc7 24. Qxb6 Rxc6 25. Qxc6 Qb8 26. h4 Qb4
27. Qc3 Qxa4 28. Bg4 Qb4 29. Qxb4 axb4 30. h5 Bh7 31. Bd1 Rc8 32. Rd2 Rc1
33. Kf2 Kf8 34. g4 Be4 35. Ba4 Rh1 36. Rd1 Rh2+ 37. Kg3 Rg2+ 38. Kh3 Rxb2
39. Rc1 g5 40. Rc8+ Kg7 41. Rb8 Rb1 42. Rb7 Rh1+ 43. Kg3 Rf1 44. Bd7 b3 45.
Rxb3 Rg1+ 46. Kf2 Rxg4 47. Rb7 Kf8 48. Rb8+ Ke7 49. Bb5 f5 50. Rb7+ Kd8 51.
Rd7+ Kc8 52. Rh7 Rg2+ 53. Kf1 Rb2 54. Bd7+ Kd8 55. Bxe6 f4 56. Rxh6 fxe3
57. Bg4 Rf2+ 58. Ke1 Bd3 59. Rf6 Rg2 0-1

[Event "6th Corsica Masters"]
[Site "Bastia FRA"]
[Date "2002.11.02"]
[Round "2.4"]
[White "Shirov,A"]
[Black "Kazhgaleyev,M"]
[Result "1-0"]
[WhiteElo "2699"]
[BlackElo "2604"]
[EventDate "2002.11.01"]

1. e4 e5 2. Nf3 Nc6 3. Bb5 a6 4. Ba4 Nf6 5. O-O Be7 6. Re1 b5 7. Bb3 d6 8.
c3 O-O 9. h3 Na5 10. Bc2 c5 11. d4 Nd7 12. dxc5 dxc5 13. Nbd2 Bb7 14. Nf1
Nc4 15. N3h2 Qc7 16. Ng4 Rfe8 17. Qf3 Bf8 18. Ng3 Nd6 19. Bg5 Re6 20. Rad1
c4 21. Ne3 Nc5 22. Nd5 Bxd5 23. exd5 Ree8 24. Nh5 e4 25. Qg3 Kh8 26. Nf6
Re7 27. Bf4 Rd8 28. Nxe4 Ncxe4 29. Bxe4 Qd7 30. Bc2 Rxe1+ 31. Rxe1 Ne8 32.
Qh4 h6 33. Be5 Kg8 34. Qe4 g6 35. Qe3 Bg7 36. Bxg7 Kxg7 37. Rd1 Nf6 38. d6
Re8 39. Qd4 Re2 40. Rd2 Rxd2 41. Qxd2 Ne8 42. Qd4+ Kg8 43. b3 Nxd6 44. bxc4
bxc4 45. Be4 Qe7 46. Bd5 Nf5 47. Qxc4 Qe1+ 48. Qf1 Qxc3 49. Qxa6 Qc1+ 50.
Qf1 Qd2 51. Qc4 Qe1+ 52. Kh2 Qxf2 53. Bxf7+ Kg7 54. Qc7 Kf6 55. Be8 Qd4 56.
Qf7+ Ke5 57. Qc7+ Kf6 58. a4 h5 59. Qf7+ Ke5 60. Qc7+ Kf6 61. a5 Nd6 62.
Qd8+ Ke6 63. Bd7+ Kf7 64. Qg5 Ne4 65. Qf4+ Ke7 66. Bc6 Qd6 67. Qxd6+ Nxd6
68. a6 Nc8 69. Kg3 Kf6 70. Kf4 g5+ 71. Ke4 Ke6 72. Bb7 Na7 73. Kd4 Kd6 74.
Kc4 h4 75. Kb4 Kc7 76. Kc5 Kb8 77. Kd5 1-0

[Event "6th Corsica Masters"]
[Site "Bastia FRA"]
[Date "2002.11.03"]
[Round "3.2"]
[White "Gurevich,M"]
[Black "Anand,V"]
[Result "1/2-1/2"]
[WhiteElo "2634"]
[BlackElo "2755"]
[EventDate "2002.11.01"]

1. c4 e5 2. g3 Nf6 3. Bg2 h6 4. b3 Bc5 5. e3 O-O 6. Bb2 Re8 7. Ne2 d5 8.
cxd5 Nxd5 9. O-O Nc6 10. a3 Bf8 11. d3 Be6 12. Nd2 Qd7 13. Qc2 Bh3 14. Rfd1
Rad8 15. Nf3 Qg4 16. Qc4 Nb6 17. Qxg4 Bxg4 18. Rac1 f6 19. b4 a6 20. Nc3
Be6 21. Ne4 Na4 22. Ba1 Bb3 23. Rd2 Bd5 24. Nh4 a5 25. bxa5 Nxa5 26. Rxc7
Nb3 27. Rd1 Nbc5 28. Nxc5 Nxc5 29. Nf5 Bxg2 30. Kxg2 Nxd3 31. Rb1 Rc8 32.
Rbxb7 Rxc7 33. Rxc7 Ra8 34. Rc3 Rxa3 35. Rxa3 Bxa3 36. Bc3 Bf8 37. Kf3 g6
38. Nh4 Kf7 39. Bd2 h5 40. e4 Nb2 41. Ke2 Nc4 42. Be1 Bc5 43. Kd3 Nd6 44.
f4 exf4 45. gxf4 g5 46. fxg5 fxg5 47. Nf3 g4 48. Ne5+ Kg7 49. Bc3 Kh7 50.
Nd7 Bg1 51. Be5 Nf7 52. Bf4 Kg6 53. Ke2 h4 54. Kf1 Bd4 55. Kg2 Bg7 56. Nc5
Be5 57. Nd3 Bxf4 58. Nxf4+ Kg5 59. Nd3 Kf6 60. Kf2 Ne5 61. Nf4 Kg5 62. Ne6+
Kf6 63. Nf4 Ng6 64. Nd3 Kg5 65. Ke3 g3 66. hxg3 hxg3 67. Kf3 g2 68. Kxg2
Nf4+ 69. Nxf4 Kxf4 70. Kh1 Ke5 1/2-1/2

[Event "6th Corsica Masters"]
[Site "Bastia FRA"]
[Date "2002.11.04"]
[Round "4.4"]
[White "Karpov,An"]
[Black "Anand,V"]
[Result "1/2-1/2"]
[WhiteElo "2688"]
[BlackElo "2755"]
[EventDate "2002.11.01"]

1. d4 d5 2. c4 e6 3. Nc3 Nf6 4. Nf3 dxc4 5. e3 a6 6. a4 c5 7. Bxc4 Nc6 8.
O-O Be7 9. dxc5 Qxd1 10. Rxd1 Bxc5 11. Nd2 O-O 12. Nde4 Nxe4 13. Nxe4 Be7
14. Bd2 Bd7 15. Bc3 Rfd8 16. Nd6 Bc8 17. Ne4 Bd7 18. Nd6 Bc8 1/2-1/2

[Event "6th Corsica Masters"]
[Site "Bastia FRA"]
[Date "2002.11.04"]
[Round "4.6"]
[White "Anand,V"]
[Black "Karpov,An"]
[Result "1-0"]
[WhiteElo "2755"]
[BlackElo "2688"]
[EventDate "2002.11.01"]

1. e4 c5 2. Nf3 e6 3. d4 cxd4 4. Nxd4 a6 5. Bd3 Bc5 6. c3 Ne7 7. O-O Qc7 8.
Nd2 Ng6 9. N2f3 Be7 10. Re1 d6 11. Ng5 Bxg5 12. Bxg5 Nd7 13. Qd2 O-O 14.
Rad1 b5 15. Bf1 Bb7 16. Nb3 d5 17. h4 f6 18. Be3 Nxh4 19. Bf4 Ne5 20. Nd4
Rae8 21. exd5 Bxd5 22. b3 Nhg6 23. Bg3 Qc8 24. Rc1 Nf7 25. c4 bxc4 26. bxc4
Ba8 27. c5 e5 28. Nb3 Ne7 29. Na5 Nc6 30. Nc4 Rd8 31. Qc3 Bb7 32. Red1 Qe6
33. Nd6 Nxd6 34. cxd6 Kh8 35. Rb1 Ba8 36. Bc4 Qf5 37. Bd3 Qh5 38. Bxa6 Nd4
39. Rxd4 exd4 40. Qxd4 Bc6 41. a4 Rb8 42. Rc1 Bd7 43. Bd3 Rfd8 44. Bf1 Qa5
45. Bb5 Bxb5 46. axb5 Rxb5 47. Qe4 Rd5 48. Qe7 h6 49. Bf4 Rh5 50. d7 Kh7
51. Rd1 Rc5 52. Qe4+ f5 53. Qe7 Rc6 54. Bd2 Qa8 55. Bf4 Qa5 56. g3 Ra6 57.
Be5 Rg6 58. Rd6 Rxd6 59. Qxg7+ 1-0